| 000 | 01038nam a22003137a 4500 | ||
|---|---|---|---|
| 005 | 20230512223301.0 | ||
| 008 | 190617t xxu||||| |||| 00| 0 eng d | ||
| 020 | _a9781119142089 | ||
| 040 | _cCSPC | ||
| 082 | 0 |
_a621.310153 _bEl256 |
|
| 245 | 0 | 0 |
_aElectromagnetic time reversal : _bapplication to electromagnetic compatibility and power systems / |
| 260 |
_aNew Jersey : _bJohn Wiley & Sons _c2017. |
||
| 300 |
_axvii, 280 pages : _bfigures ; _c22 cm. |
||
| 336 |
_2rdacontent _atext |
||
| 337 |
_2rdamedia _aunmediated |
||
| 338 |
_2rdacarrier _avolume |
||
| 500 | _aIncludes bibliographical references and index. | ||
| 650 | 1 | 0 | _aTime reversal. |
| 650 | 1 | 0 | _aElectromagnetism. |
| 650 | 1 | 0 | _aElectromagnetic compatibility. |
| 650 | 1 | 0 | _aElectric power systems. |
| 700 | 1 |
_aFarhad Rachidi _eeditor |
|
| 700 | 1 |
_aMarcos Rubinstein _eeditor |
|
| 700 | 1 |
_aMario Paolone _eeditor |
|
| 940 | _a123 | ||
| 942 |
_cBOOK _jENG 621.310153 El256 2017 |
||
| 999 |
_c9191 _d9191 |
||